| 000 | 00660nam a2200229 a 4500 | ||
|---|---|---|---|
| 005 | 20240815063739.0 | ||
| 008 | 010829s1999 r 000 0 eng d | ||
| 020 | _a8470438727 | ||
| 035 | _aUPN01000110676 | ||
| 049 | _aCG | ||
| 050 | 4 |
_aLB1137 _bL6.6 |
|
| 100 | 1 | _aLópez Matallana, María | |
| 245 | 1 | 0 |
_aOrganización y animación de ludotecas / _cMaría López Matallana, Jesús Villegas Saldaña. |
| 250 | _a3a ed. | ||
| 260 |
_aMadrid : _bCCS, _c1999. |
||
| 300 |
_a183 p. : _bil. |
||
| 440 | 0 |
_aOcio y tiempo libre ; _v11 |
|
| 650 | 4 |
_aLUDOTECA _96875 |
|
| 650 | 4 |
_aJuego _913796 |
|
| 700 | 1 |
_aVillegas Saldaña, Jesús, _ecoaut. |
|
| 905 | _aLibro | ||
| 999 |
_c84585 _d84585 |
||